Responses for show #7786 - Monday, June 18, 2018

Contestants

[<< previous game]

Erik Johnson, a packaging engineer from Plymouth, Minnesota

Sara Nies, an editorial assistant from New York, New York

Deirdre Thomas, an attorney and editor from Seattle, Washington (whose 1-day cash winnings total $16,399)

[next game >>]

Jeopardy! Round responses

4 RINGS, SERKIS
SHE CREATED HIM
COMIC-CONVERSATION
GET "OUT"!
REVOLUTION NOW!
BUT IT'S LUNCHTIME
    $200 12
Tiffany

Sara
    $200 7
J.K. Rowling

Erik
    $200 26
a speech bubble (or balloon)

Sara
    $200 1
(Erik: What is a blowout?)
[Originally ruled incorrect; ruled correct during the contestant interviews.]

a closeout (or a blowout)

SaraErik
    $200 25
(Alex: Less than a minute now.)

Russia

Sara
    $200 16
croutons

Deirdre
    $400 13
sumo

Sara
    $400 8
(Sara: Who is... Bronte?)

Stephenie Meyer

Sara
Triple Stumper
    $400 27
bleed

Deirdre
    $400 3
(Sara: What is a zealot?)

devout

DeirdreSara
    $5,400 24
(Sara: What is Saudi Arabia?)

Iraq

Sara
    $400 17
chicken

Triple Stumper
    $600 11
King Kong

Erik
    $600 2
Beatrix Potter

Deirdre
    $600 28
syndication

Deirdre
    $600 4
a waterspout

Erik
    $600 21
the Black Panthers

Deirdre
    $600 18
martini

Deirdre
    $800 14
tree rings

Deirdre
    $800 9
Gabaldon

Sara
    $800 29
an origin story

Erik
    $800 5
a bailout

Erik
    $800 22
Easter

Sara
    $800 19
ham

Sara
    $1000 15
a gasket

Deirdre
    $1000 10
Annie Proulx

Sara
    $1000 30
a graphic novel

Erik
    $1000 6
a roundabout

Erik
    $1000 23
the Young Turks

Sara
    $1000 20
quesadilla

Sara

Scores at the first commercial break (after clue 15):

Deirdre Sara Erik
$2,800 $1,800 $3,400

Scores at the end of the Jeopardy! Round:

Deirdre Sara Erik
$5,200 $400 $5,200

Double Jeopardy! Round responses

IN THE LOUVRE
4-LETTER WORDS
ECONOMICS
ISLAND HOPPING
CHEMICAL PROCESSES
EXPRESS-ING THEMSELVES
    $400 5
Rembrandt

Sara
    $400 10
lieu

Erik
    $400 23
(Sara: What is the GDP?)
[Originally ruled correct; ruled incorrect before the second Daily Double.]

GDP growth

Sara
Triple Stumper
    $400 11
Greenland

Sara
    $400 21
carbonation

Sara
    $400 16
the Hogwarts Express

Sara
    $2,000 4
(Deirdre: Who is...
(Alex: Hurry.)
(Deirdre: Who is, uh, da Vinci?)

Michelangelo

Deirdre
    $800 6
husk

Sara
    $800 24
landlords

Deirdre
    $800 12
vanilla

Sara
    $800 22
a chain reaction

Triple Stumper
    $800 17
Madonna

Sara
    $1200 1
(Hieronymus) Bosch

Sara
    $1200 7
oust

Sara
    $1200 25
inflation

Deirdre
    $1200 13
Magellan

Erik
    $1200 28
[The end-of-round signal sounds.]

fire (or flame)

Deirdre
    $1200 18
Thomas the Tank Engine

Triple Stumper
    $1600 2
Jacques-Louis David

Triple Stumper
    $1600 8
wonk

Triple Stumper
    $1600 26
asymmetry

Sara
    $1600 14
Capri

Triple Stumper
    $1600 19
Tom Hanks

Erik
    $2000 3
Delacroix

Deirdre
    $2000 9
a posy

Sara
    $2,800 27
(Sara: Who are... voir dire?)
...
(Alex: Less than a minute to deal with the last three clues.)

speculators

Sara
    $2000 15
(Erik: What are east and southeast?)
(Sara: What are windward and under the wind?)

Windward and Leeward

DeirdreSaraErik
    $2000 20
express written consent

Erik

Scores at the end of the Double Jeopardy! Round:

Deirdre Sara Erik
$10,400 $5,200 $8,400

[wagering suggestions for these scores]

Final Jeopardy! Round responses

CLASSIC TOYS
SaraWhat is a magic 8 ball?
$5,200
ErikWhat is Magic 8 Ball
$6,000
DeirdreWhat is Magic 8 Ball Ball?
$6,401
Magic 8-Ball

Final scores:

Deirdre Sara Erik
$16,801 $10,400 $14,400
2-day champion: $33,200 3rd place: $1,000 2nd place: $2,000

Game dynamics:

Coryat scores:

Deirdre Sara Erik
$12,400 $13,400 $8,400
14 R,
1 W
(including 1 DD)
22 R,
6 W
(including 2 DDs)
12 R,
1 W

Combined Coryat: $34,200

The J! Archive is created by fans, for fans. The Jeopardy! game show and all elements thereof, including but not limited to copyright and trademark thereto, are the property of Jeopardy Productions, Inc. and are protected under law. This website is not affiliated with, sponsored by, or operated by Jeopardy Productions, Inc. Join the discussion at JBoard.tv.